War Thunder Meme Vehicles - Sudden Death - Statistics

General Stats
  • This quiz has been taken 443 times
  • The average score is 4 of 6
Answers on the Grid
Answers color-coded by a green-red scale on the quiz's grid according to % correct below.
Object 775
Leopard 2A7v
M1A2 SEP V2
T95
T-90M
T-80U-E1
Sturmtiger
Leclerc AZUR
Tiger H1
L3/33 CC
Type 93
T34 (the american one)
Type 90
M22
 
Answer Stats
Answer % Correct
Object 775
81%
Sturmtiger
80%
L3/33 CC
78%
M22
69%
T95
68%
Type 93
41%
No matching quizzes found
Score Distribution
Percent of People with Each Score
Percentile by Number Answered
Your Score History
You have not taken this quiz